| 000 | 00000nam##2200000za#4500 |
| 001 | 9.602420 |
| 003 | CaOODSP |
| 005 | 20240212134142 |
| 007 | cr ||||||||||| |
| 008 | 150406|1989||||xxc|||||o f|0| 0 fre|d |
| 040 | |aCaOODSP|bfre |
| 043 | |an-cn--- |
| 086 | 1 |aNE22-1/1989-10F-PDF |
| 110 | 1 |aCanada. |bOffice national de l'énergie. |
| 245 | 10|aMotifs de décision relativement à Hydro-Québec : |h[ressource électronique]|bconcernant des exportations à New York Power Authority |
| 246 | 1 |iTitre de renvoi : |aHydro-Québec |
| 260 | |aOttawa - Ontario : |bOffice national de l'énergie |cJuillet 1989. |
| 300 | |a34p.|btableaux |
| 490 | 1 |aMotifs de décision|vEH-2-89 |
| 500 | |aExemplaire, p. 1, 27, 28 défectueux. Le nº de catalogue (NE22-1/1989-10) et l'ISBN (0-662-568888-5) de l'édition imprimée ont été incorrectement copiés dans cette édition électronique. |
| 590 | |a12-04-Supp|b2012-02-20 |
| 775 | 08|tReasons for decision in the matter of Hydro-Québec : |w(CaOODSP)9.572003 |
| 830 | #0|aMotifs de décision (Canada. Office national de l'énergie)|vEH-2-89|w(CaOODSP)9.500899 |
| 856 | 40|ahttp://publications.gc.ca|qPDF|s211 Ko|uhttps://publications.gc.ca/collections/Collection/NE22-1-1989-10F.pdf|yEH-2-89 |